LEADER 01792 am 22005053u 450 001 9910140410603321 005 20200520144314.0 010 $a1-925021-59-9 035 $a(CKB)2670000000557758 035 $a(EBL)4562281 035 $a(WaSeSS)IndRDA00057333 035 $a(Au-PeEL)EBL4562281 035 $a(CaPaEBR)ebr11230053 035 $a(OCoLC)870965573 035 $a(MiAaPQ)EBC4562281 035 $a(EXLCZ)992670000000557758 100 $a20160717h20142014 uy 0 101 0 $aeng 135 $aur|n|---||||| 181 $2rdacontent 182 $2rdamedia 183 $2rdacarrier 200 10$aPlanning and managing scientific research $ea guide for the beginning researcher /$fBrian Kennett 210 1$aCanberra ACT, Australia :$cAustralian National University Press,$d2014. 210 4$dİ2014 215 $a1 online resource (103 pages) 300 $aDescription based upon print version of record. 311 $a1-925021-58-0 320 $aIncludes bibliographical references. 330 $aThis work is based on extensive scientific research and management experiences and is designed to provide an introduction to planning and managing scientific research for the beginning researcher. 606 $aResearch$xManagement 606 $aTechnological innovations$xManagement 606 $aUniversities and colleges$xResearch work 615 0$aResearch$xManagement. 615 0$aTechnological innovations$xManagement. 615 0$aUniversities and colleges$xResearch work. 676 $a001.4068 700 $aKennett$b Brian$0801591 801 0$bMiAaPQ 801 1$bMiAaPQ 801 2$bMiAaPQ 906 $aBOOK 912 $a9910140410603321 996 $aPlanning and Managing Scientific Research$91803855 997 $aUNINA LEADER 05218nam 22009974a 450 001 9910961001903321 005 20251017110126.0 010 $a9780309171410 010 $a0309171415 010 $a9780309511544 010 $a0309511542 035 $a(CKB)110986584753260 035 $a(SSID)ssj0000210407 035 $a(PQKBManifestationID)11189869 035 $a(PQKBTitleCode)TC0000210407 035 $a(PQKBWorkID)10282560 035 $a(PQKB)10496464 035 $a(MiAaPQ)EBC3375503 035 $a(Au-PeEL)EBL3375503 035 $a(CaPaEBR)ebr10038781 035 $a(OCoLC)923256823 035 $a(Perlego)4735664 035 $a(DNLM)1088339 035 $a(EXLCZ)99110986584753260 100 $a20001117d2001 uy 0 101 0 $aeng 135 $aurcn||||||||| 181 $ctxt 182 $cc 183 $acr 200 10$aNew horizons in health $ean integrative approach /$fCommittee on Future Directions for Behavioral and Social Sciences Research at the National Institutes of Health, Board on Behavioral, Cognitive, and Sensory Sciences, Commission on Behavioral and Social Sciences and Education, National Research Council ; Burton H. Singer and Carol D. Ryff, editors 205 $a1st ed. 210 $aWashington, D.C. $cNational Academy Press$d2001 215 $a1 online resource (xiii, 210 pages) 300 $aBibliographic Level Mode of Issuance: Monograph 311 08$aPrint version: National Research Council (U.S.). Committee on Future Directions for Behavioral and Social Sciences Research at the National Institutes of Health. New horizons in health. Washington, D.C. : National Academy Press, 2001 0309072964 (DLC) 00012474 (OCoLC)45446434 311 08$a9780309072960 311 08$a0309072964 320 $aIncludes bibliographical references and index. 327 $g1.$tIntroduction.$tThe Context: Behavioral and Social Sciences at the National Institutes of Health.$tThe Charge to the Committee.$tThe Integrative Approach to Health.$tKey Influences on Pathways to Health --$g2.$tPredisease Pathways.$tCumulative Physiological Risk.$tCharacterizing Predisease Pathways.$tConnecting Predisease Pathways to Cumulative Physiological Risk --$g3.$tPositive Health: Resilience, Recovery, Primary Prevention, and Health Promotion.$tResilience and Resistance to Disease: Who Stays Well and Why?$tRecovery and Differential Survival Processes.$tAdvancing the Science of Primary Prevention.$tNew Directions in Positive Health Promotion.$tPositive Health and the Council of Public Representatives --$g4.$tEnvironmentally Induced Gene Expression.$tGenes Expression and Prenatal Development.$tPersonal Ties and Gene Expression in Midlife.$tAnimal Models and the Consequences of Mother-Child Interactions.$tIntergenerational Transmission of Behavior.$tPlasticity of Genetic Trajectories. 330 8 $aAnnotation ?b Brings together a committee of 15 scientists with backgrounds in the biomedical, social behavioral, and scientific disciplines, who together identify and address a broad set of issues relating to the health of the US population. Themes addressed include predisease pathways, positive health, environmentally induced gene expression, personal ties, collective properties and healthy communities, the influence of inequality on health, population perspectives, interventions, methodology priorities, and research infrastructure. Annotation c. Book News, Inc., Portland, OR (booknews.com). 606 $aHealth promotion$zUnited States 606 $aMedicine, Preventive$zUnited States 606 $aHealth planning$zUnited States 606 $aIntegrated delivery of health care$zUnited States 606 $aHealth promotion 606 $aHealth planning 606 $aMedical care 606 $aPublic health 606 $aIntegrated delivery of health care 606 $aNational health services 606 $aSocial control 606 $aHealth services administration 606 $aPrimary Prevention$3(DNLM)D011322 606 $aPreventive Health Services$3(DNLM)D011314 606 $aHealth Planning$3(DNLM)D006285 606 $aHealth Promotion$3(DNLM)D006293 606 $aDelivery of Health Care, Integrated$3(DNLM)D019033 607 $aUnited States 615 0$aHealth promotion 615 0$aMedicine, Preventive 615 0$aHealth planning 615 0$aIntegrated delivery of health care 615 0$aHealth promotion. 615 0$aHealth planning. 615 0$aMedical care. 615 0$aPublic health. 615 0$aIntegrated delivery of health care. 615 0$aNational health services. 615 0$aSocial control 615 0$aHealth services administration. 615 12$aPrimary Prevention. 615 22$aPreventive Health Services. 615 22$aHealth Planning. 615 22$aHealth Promotion. 615 22$aDelivery of Health Care, Integrated. 676 $a613/.0973 701 $aSinger$b Burton$0124813 701 $aRyff$b Carol D$01811989 801 0$bMiAaPQ 801 1$bMiAaPQ 801 2$bMiAaPQ 906 $aBOOK 912 $a9910961001903321 996 $aNew horizons in health$94364201 997 $aUNINA